00965nam a2200229Ia 4500952010100000999001700101008004100118020001500159050002000174100003900194245006400233250001800297260003200315300001800347500004100365500006500406504003300471505011700504519006600621650003600687942001200723 00102lcc4070a22b22d2022-09-22l0oBC59 G87 2005p16 001878r2022-09-22t1w2022-09-22yLB c70187d70187120626s2005 mx 000 0 spa d a9687820292 aBC59 bG87 2005 aGutiérrez Sáenz, Raúleautor aIntroducción a la Lógicac / Raúl Gutiérrez Sáenz a8a. edición aMéxicob: Esfingec, 2005 a355 páginas aConforme al programa de la UNAM 1996 aIncluye: Conclusión (pp. 325- 327), Glosario (pp. 329-340) aBibliografía (pp. 341-342) aI. Nociones preliminares II. Lógica formal III. Lógica material IV. Nociones de lógica simbólica  aPlan UNAM / bPreparatoria / cLógica (1404) /d(16 001878) 0aLÓGICAxESTUDIO Y ENSEÑANZA cLB2lcc